00498nam a2200205 a 4500001001300000003000900013005001700022008004100039020000800080082001900088100002000107245002700127260003000154300000800184500003500192505000800227650001600235650002100251700002000272nice12345678IN_TiNIC20260116011650.0050524s1970 dela grp 000 0 urd  ac600a891.4391bSID1 aSiddiqi, Akhtar aGhalib Apne Aaine Mein aDelhibBharati Pub.c1970 a87p aincludes index and biblioraphy2 aIll aUrdu-Poetry aGhalib-Biography1 aSiddiqi, Akhtar